000 00767nam a22002297a 4500
005 20170124110038.0
010 _aB-031324
020 _c00.00
_a8176251100
035 _aB-031324
037 _bCen Lib/Ret
040 _aDPL
_bEN
082 _a882.08
_bIND
245 _aIndian english drama :
_cedited by Jaydipsinh K.Dodiya [and] K.V.Surendran
_bcritical perspectives /
260 _aNew Delhi
_bSarup & Sons
_c2000
270 _a4740/23, Ansari Road, Daryaganj
_bNew Delhi
_e110002
300 _axi,121p.
_c20cm(Hb)
650 _aIndic drama -- 20th century -- History and criticism
_923133
650 _aIndic drama
_914941
700 _aDodiya, Jaydipsinh K.
_923134
700 _aSurendran, K.V.
_923135
942 _2ddc
_cEN
_h882.08
_mIND
999 _c128352
_d128352